| Поле | Инд. | ПП | Название | Значение |
|---|---|---|---|---|
| Тип записи | a | |||
| Библиографический уровень | m | |||
| 001 | Контрольный номер | RU/LIBMSTU/431795378 | ||
| 005 | Дата корректировки | 20160120150010.1 | ||
| 008 | Кодируемые данные | 130925|||||||||ru |||||||||||000|||rus|| | ||
| 020 | a | ISBN | 5-06-004075-5 | |
| 040 | b | Код языка каталог. | rus | |
| 041 | 0_ | a | Код языка текста | rus |
| 084 | a | Индекс другой классификации/Индекс ББК | 33.1я7 | |
| 090 | a | Полочн. индекс | 33 | |
| x | Авторский знак | Г 69 | ||
| 245 | 10 | a | Заглавие | Горноразведочные работы |
| b | Продолж. заглавия | учебник для вузов | ||
| c | Ответственность | [Л. Г. Грабчак и др.] ; под ред. Л. Г. Грабчака | ||
| 260 | a | Место издания | Москва | |
| b | Издательство | Высш. шк. | ||
| c | Дата издания | 2003 | ||
| 300 | a | Объем | 661 с. | |
| b | Иллюстрации/ тип воспроизводства | ил. | ||
| 500 | a | Примечание | Авт. указаны на обороте тит. л. | |
| 504 | a | Библиография | Библиогр.: с. 656 | |
| 583 | 1_ | x | Служебное примечание | Геол. специальности. ВПО |
| 650 | 04 | a | Основная рубрика | Горные выработки-Учебные издания для высших учебных заведений |
| 653 | 0_ | a | Ключевые слова | Выработки горные; Горное дело; Горные породы; Работы буровзрывные; Работы горноразведочные; Разрушение горных пород; Машины горнотранспортные; Механика горных пород |
| 700 | 12 | a | Другие авторы | Грабчак Л. Г. |
| e | Роль лиц | авт.-ред. | ||
| 901 | t | Тип документа | m | |
| 952 | b | Гриф литературы для ВШ | Рекомендовано МО РФ | |
| c | Вид литературы | учебник |